000 01753cam a2200469Ma 4500
001 ocn656789622
003 TZ-ArACH
005 20110622152111.0
006 m d
007 cr cnu||||||||
008 080129s2009 enk ob 001 0 eng d
020 _z9780521755955 (hbk.)
020 _z0521755956 (hbk.x)
035 _a(OCoLC)656789622
037 _a200162
_bMIL
040 _aMUQ
_bfre
_cTZ-ArACH
_dOCLCQ
043 _an-us---
049 _aTZAA
050 4 _aKF8748
_b.P39
100 1 _aPerry, Michael J.
_9991
245 1 0 _aConstitutional rights, moral controversy, and the Supreme Court
_h[ressource électronique] /
_cMichael J. Perry.
260 _aCambridge ;
_aNew York :
_bCambridge University Press,
_c2009.
300 _ax, 254p.
500 _aVersement en lot.
504 _aIncludes bibliographical references and index.
600 1 6 _aThayer, James Bradley,
_d1831-1902.
_9992
650 0 _aConstitutional law
_zUnited States.
_9993
650 0 _aCivil rights
_zUnited States.
_9994
650 0 _aPolitical questions and judicial power
_zUnited States.
_9995
650 0 _aCapital punishment
_zUnited States.
_9996
650 0 _aSame-sex marriage
_zUnited States.
_9997
650 0 _aAbortion
_xLaw and legislation
_zUnited States.
_9998
650 6 _aDroit constitutionnel.
_9999
650 6 _aDroits de l'homme
_zÉtats-Unis.
_91000
650 6 _aPolitique et pouvoir judiciaire.
_91001
650 6 _aPeine de mort.
_91002
650 6 _aHomosexuels
_xMariage.
_91003
655 4 _aElectronic books.
_91004
856 4 0 _3MyiLibrary
_uhttp://www.myilibrary.com?id=200162
942 _2lcc
_cBOOK
999 _c1199
_d1199